Feudal [juego] : guerra y diplomacia en la edad media /
Guardado en:
| Formato: | Objeto Físico |
|---|---|
| Publicado: |
Argentina :
Kipo's,
[199?]
|
| Materias: | |
| Etiquetas: |
Agregar Etiqueta
Sin Etiquetas, Sea el primero en etiquetar este registro!
|
| LEADER | 00979nrm a22001815g 4500 | ||
|---|---|---|---|
| 001 | CEM.cems019132 | ||
| 008 | 130507b199?##################0###0#####d | ||
| 005 | 20220829164749.0 | ||
| 003 | CEMS | ||
| 245 | 0 | 0 | |a Feudal [juego] : |b guerra y diplomacia en la edad media / |c Kipo's Los Juegos Del Mundo. |
| 260 | |a Argentina : |b Kipo's, |c [199?] | ||
| 300 | |a 1 juego (1 tablero,180 fichas-soldado, 15 fichas-señor, 12 fichas-castillo, 12 fichas-molino, 12 fichas-viñedo, 53 cartas-azul, 6 cartas-rojo, 36 monedas doradas y plateadas, 3 dados, 1 reloj de arena y 1 tarjeta) ; en caja 49 x 30 x 5 cm. + manual de instrucciones. | ||
| 490 | v | e | |s Simplificada y profesional. |
| 500 | |a Para 2 a 6 jugadores a partir de 10 años y adultos europa...siglo Xii, los poderosos señores feudales luchan entre sí por la posesión de la tierra... | ||
| 082 | 0 | 4 | |a J793.92 |
| 653 | |a 1. juegos de estrategia militar | ||
| 653 | |a 2. juegos de guerra | ||
| 859 | |a CEMS |b BIB. CEMS - Ludoteca |h J793.92 |i K628 |p 030.92 |t Ej.1 | ||
